000 00677nam a22002177a 4500
999 _c15221
_d15221
003 AR-CdUCM
008 190426b ||||| |||| 00| 0 spa d
020 _a978-958-30-2163-3
040 _aMUNICIPALIDAD PROVINCIAL DEL CUSCO
_cBIBLIOTECA MUNICIPAL DEL CUSCO
082 _aPI / 37601 /
_bH22
100 _aHart, Christopher
_934255
245 _aManga /
260 _aBogotá :
_bPanamericana,
_c2008.
300 _a68 páginas ;
_bilustraciones,
_c28 cm.
440 _aColección dibujo para niños.
_934256
650 _aCómic japones
_934257
650 _aHistorietas
_910786
650 _aHumorismo gráfico
_934258
942 _2ddc
_cLIBROS
945 _aachl
_d2019-04-26